000 00679 a2200217 4500
001 60971
005 20260407155900.0
008 260407a1989 arg spa d
003 AR-UNSa-BCEJYS
040 _aAR-UNSa-BCEJYS
_bspa
_cAR-UNSa-BCEJYS
080 _a342.4
_xConstituciones. Asambleas legislativas. Asambleas nacionales (Reforma...)
245 1 0 _aLas reformas de la Constitución Argentina
020 _a978-950-534-139-9
264 1 _aBuenos Aires :
_bA-Z Editora
_c1989
300 _a191 p.
_c22 cm.
505 _a1. La reforma de la Constitución - 2.
041 _aspa
942 _cBK
590 _aniveau_biblio:m niveau_hierar:0
100 1 _aBaeza, Carlos R.
999 _c7161
_d7161